000 01809nam a2200517 i 4500
001 40132
003 KOSZ 005
005 20200512125238.0
008 000516s2000 pl a f |001 0 pol
015 _aPB 2000/8299
020 _a8320424208
020 _a8320424216
035 _a991013924629705066
035 _a(PL-WaBN)b13745153-48omnis_nlop
035 _ab13745153
035 _a(OCoLC)830263300
035 _a(PL)b0000001374515
035 _a(EXLNZ-48OMNIS_NETWORK)9910008432305606
040 _aWA N
_cWA N
_dKOSZ 005/HR
041 1 _apol
_heng
046 _k2000
080 _a004.451
080 _a004.77
080 _a(07)
100 1 _aStevens, W. Richard
_eAutor
245 1 0 _aUnix-programowanie usług sieciowych.
_n[T.] 1,
_pAPI : gniazda i XTI /
_cW. Richard Stevens ; z ang. przeł. Krzysztof Czaja, Jowita Koncewicz-Krzemień.
246 1 _iTyt. oryg.:
_aUnix network programming.
_nVol. 1,
_pNetworking APIs : sockets and XTI,
_f1997
260 _aWarszawa :
_bWydawnictwa Naukowo-Techniczne,
_c2000.
300 _a1101, [1] s. :
_bil. ;
_c25 cm.
380 _aKsiążki
388 _a1901-2000
388 _a1989-2000
504 _aBibliogr. - Indeks.
650 7 _aSieć komputerowa
_2DBN
650 7 _aProgramowanie (informatyka)
650 7 _aSystemy operacyjne
_2DBN
650 7 _aUNIX
_2DBN
655 7 _aPodręcznik
_2DBN
658 _aInformatyka i technologie informacyjne
700 1 _aCzaja, Krzysztof
_eTłumaczenie
700 1 _aKoncewicz-Krzemień, Jowita
_eTłumaczenie
710 2 _aWydawnictwa Naukowo-Techniczne
_4pbl
856 _uhttp://koha.tu.koszalin.pl/cgi-bin/koha/opac-detail.pl?biblionumber=40132
_yKatalog online BPK
942 _2UKD
_cKS
999 _c40132
_d40132